00508nam a22001457a 4500020002200000082001600022100002000038245008200058260004800140300000800188650002500196942000700221952011700228999001700345 a978-0-232-52532-8 a291.172 WIN aWingate, Andrew aCelebrating difference, staying faithful: How to live in a multi-faith world aLondonbDarton, Longman and Todd Ltd.c2008 a208 aInterfaith relations cBK 00104070aHMIbHMIcGENd2013-08-13eDr. Andreas D'Souzal0o291.172 WINp11002420r2026-01-16w2026-01-16yBK c20529d20529